[Event "OP-2017-0-04381"]
[Site "LSS email"]
[Date "2017.07.05"]
[Round "?"]
[White "Van Leent, Dimitri"]
[Black "Laureles, Raymundo"]
[Result "1-0"]
[WhiteElo "1681"]
[BlackElo "1197"]
[PlyCount "57"]
[EventDate "2017.06.25"]
[EventType "tourn (corr)"]
[EventRounds "4"]
[EventCountry "GER"]
[SourceTitle "Corr 2022"]
[Source "ChessBase"]
[SourceDate "2021.10.24"]
[SourceVersion "1"]
[SourceVersionDate "2021.10.24"]
[SourceQuality "1"]

1. c4 Nf6 2. g3 d5 3. cxd5 Qxd5 4. Nf3 Nc6 5. Nc3 Qa5 6. Bg2 Bf5 7. 0-0 Nb4 8. d3 e6 9. Qb3 0-0-0 10. Bd2 Qa6 11. Ne5 Bg6 12. Rfc1 Bd6 13. Nc4 Nc6 14. Nxd6+ Rxd6 15. Nb5 Rd7 16. Bxc6 bxc6 17. Na3 e5 18. Rc4 e4 19. Rb4 Rxd3 20. exd3 Rd8 21. Nc4 exd3 22. Rb8+ Kd7 23. Ne5+ Ke7 24. Bb4+ Ke8 25. Bc5 Ne4 26. Rxd8+ Kxd8 27. Qb8+ Qc8 28. Be7+ Kxe7 29. Qxc8 1-0

[Event "OP-2017-0-04370"]
[Site "LSS email"]
[Date "2017.06.18"]
[Round "?"]
[White "Laureles, Raymundo"]
[Black "Sirotkin, Evgenji"]
[Result "0-1"]
[WhiteElo "1197"]
[BlackElo "1603"]
[PlyCount "40"]
[EventDate "2017.06.12"]
[EventType "tourn (corr)"]
[EventRounds "4"]
[EventCountry "GER"]
[SourceTitle "Corr 2022"]
[Source "ChessBase"]
[SourceDate "2021.10.24"]
[SourceVersion "1"]
[SourceVersionDate "2021.10.24"]
[SourceQuality "1"]

1. e4 e5 2. f4 exf4 3. Nf3 d6 4. Bc4 h6 5. d3 g5 6. 0-0 Bg7 7. c3 Nc6 8. d4 Nf6 9. d5 Ne5 10. Nxe5 dxe5 11. Bb5+ c6 12. dxc6 Qb6+ 13. Kh1 Qxb5 14. c7 0-0 15. Na3 Qc6 16. Qd8 Nxe4 17. Be3 fxe3 18. Rxf7 Kxf7 19. Rf1+ Nf2+ 20. Kg1 Bh3 0-1

[Event "RF-2017-0-00379"]
[Site "LSS email"]
[Date "2017.04.25"]
[Round "?"]
[White "Devies, Stefaan"]
[Black "Laureles, Raymundo"]
[Result "0-1"]
[WhiteElo "1200"]
[BlackElo "1114"]
[PlyCount "52"]
[EventDate "2017.04.11"]
[EventType "tourn (corr)"]
[EventRounds "6"]
[EventCountry "GER"]
[SourceTitle "Corr 2022"]
[Source "ChessBase"]
[SourceDate "2021.10.24"]
[SourceVersion "1"]
[SourceVersionDate "2021.10.24"]
[SourceQuality "1"]

1. d4 Nf6 2. Bf4 g6 3. Nf3 Bg7 4. e3 0-0 5. c4 e6 6. Nc3 d6 7. Be2 Nbd7 8. Qc2 a6 9. a4 Re8 10. Rd1 Nh5 11. Bg3 Nxg3 12. hxg3 Nf6 13. c5 d5 14. Ne5 Nd7 15. f4 Nxe5 16. dxe5 Qe7 17. b4 b6 18. cxb6 cxb6 19. Rd4 f6 20. Bd3 fxe5 21. fxe5 Qg5 22. Qf2 Bxe5 23. Rf4 Bxc3+ 24. Ke2 Ra7 25. Qf3 e5 26. Rfh4 e4 0-1

[Event "RF-2017-0-00379"]
[Site "LSS email"]
[Date "2017.04.25"]
[Round "?"]
[White "Lauer, Frederic"]
[Black "Laureles, Raymundo"]
[Result "0-1"]
[WhiteElo "1112"]
[BlackElo "1114"]
[PlyCount "40"]
[EventDate "2017.04.11"]
[EventType "tourn (corr)"]
[EventRounds "6"]
[EventCountry "GER"]
[SourceTitle "Corr 2022"]
[Source "ChessBase"]
[SourceDate "2021.10.24"]
[SourceVersion "1"]
[SourceVersionDate "2021.10.24"]
[SourceQuality "1"]

1. e4 e6 2. d4 d5 3. Nc3 Bb4 4. Nge2 dxe4 5. a3 Bd6 6. Nxe4 Ne7 7. c4 Ng6 8. N2c3 0-0 9. Bd3 e5 10. d5 Nd7 11. 0-0 f5 12. Ng3 e4 13. Be2 Nc5 14. f4 exf3 15. Bxf3 Qh4 16. Nce2 Qxc4 17. Be3 Nb3 18. Rb1 f4 19. Nxf4 Nxf4 20. Bxf4 Bxf4 0-1

[Event "RF-2017-0-00379"]
[Site "LSS email"]
[Date "2017.04.25"]
[Round "?"]
[White "Laureles, Raymundo"]
[Black "De la Cruz, Piedro"]
[Result "0-1"]
[WhiteElo "1114"]
[BlackElo "1388"]
[PlyCount "66"]
[EventDate "2017.04.11"]
[EventType "tourn (corr)"]
[EventRounds "6"]
[EventCountry "GER"]
[SourceTitle "Corr 2022"]
[Source "ChessBase"]
[SourceDate "2021.10.24"]
[SourceVersion "1"]
[SourceVersionDate "2021.10.24"]
[SourceQuality "1"]

1. e4 Nf6 2. e5 Nd5 3. c4 Nb6 4. c5 Nd5 5. Bc4 e6 6. d4 d6 7. cxd6 cxd6 8. Nc3 Nxc3 9. bxc3 Qc7 10. Qe2 Nd7 11. exd6 Bxd6 12. Nf3 b5 13. Bd5 Qxc3+ 14. Nd2 Rb8 15. 0-0 Qxa1 16. Ba3 Qxd4 17. Bxd6 Qxd5 18. Bxb8 Nxb8 19. Rd1 0-0 20. Ne4 Qe5 21. h4 Bb7 22. f3 a5 23. Qd3 Bxe4 24. fxe4 Nc6 25. Qc2 Nd4 26. Qf2 Rd8 27. Qe3 f5 28. Re1 Nc2 29. Qb6 Rb8 30. Qxa5 Nxe1 31. Qxe1 Rd8 32. h5 fxe4 33. h6 e3 0-1

[Event "OP-2017-0-04333"]
[Site "LSS email"]
[Date "2017.04.24"]
[Round "?"]
[White "Cerne, Peter"]
[Black "Laureles, Raymundo"]
[Result "1-0"]
[WhiteElo "1506"]
[BlackElo "1184"]
[PlyCount "63"]
[EventDate "2017.04.15"]
[EventType "tourn (corr)"]
[EventRounds "4"]
[EventCountry "GER"]
[SourceTitle "Corr 2022"]
[Source "ChessBase"]
[SourceDate "2021.10.24"]
[SourceVersion "1"]
[SourceVersionDate "2021.10.24"]
[SourceQuality "1"]

1. e4 e6 2. d4 d5 3. Nc3 Bb4 4. e5 c5 5. a3 Bxc3+ 6. bxc3 Ne7 7. Qg4 Qc7 8. Qxg7 Rg8 9. Qxh7 cxd4 10. Kd1 dxc3 11. f4 Nbc6 12. Ne2 Bd7 13. Rb1 d4 14. Ng3 0-0-0 15. Qxf7 Nd5 16. Ne4 Na5 17. Nd6+ Kb8 18. h4 Rdf8 19. Qh7 Ne3+ 20. Bxe3 dxe3 21. h5 e2+ 22. Bxe2 Rxg2 23. Qe4 Bc6 24. Qe3 Rxe2 25. Kxe2 Bxh1 26. Rxh1 Qg7 27. Kd3 Qg2 28. Rg1 Qh2 29. Rg7 Qxh5 30. Kxc3 Qd1 31. Qc5 b6 32. Qc7+ 1-0

[Event "OP-2017-0-04333"]
[Site "LSS email"]
[Date "2017.04.24"]
[Round "?"]
[White "Laureles, Raymundo"]
[Black "Pech, Jaroslav Sr"]
[Result "0-1"]
[WhiteElo "1184"]
[BlackElo "1785"]
[PlyCount "54"]
[EventDate "2017.04.15"]
[EventType "tourn (corr)"]
[EventRounds "4"]
[EventCountry "GER"]
[SourceTitle "Corr 2022"]
[Source "ChessBase"]
[SourceDate "2021.10.24"]
[SourceVersion "1"]
[SourceVersionDate "2021.10.24"]
[SourceQuality "1"]

1. e4 e5 2. f4 Bc5 3. Nf3 d6 4. Nc3 Nf6 5. Bc4 Nc6 6. d3 a6 7. f5 b5 8. Bb3 Na5 9. Bd5 c6 10. Bb3 0-0 11. Bg5 h6 12. Bh4 Nxb3 13. axb3 Re8 14. g4 d5 15. Qd2 a5 16. g5 dxe4 17. gxf6 exf3 18. Rf1 e4 19. Nxe4 Bxf5 20. 0-0-0 Bxe4 21. Qf4 g5 22. Bxg5 Bg6 23. Rxf3 a4 24. bxa4 Rxa4 25. Qg3 Re2 26. Kb1 Qa5 27. Qb8+ Kh7 0-1

[Event "OP-2017-0-04333"]
[Site "LSS email"]
[Date "2017.04.24"]
[Round "?"]
[White "Remde, Philip"]
[Black "Laureles, Raymundo"]
[Result "0-1"]
[WhiteElo "2037"]
[BlackElo "1184"]
[PlyCount "54"]
[EventDate "2017.04.15"]
[EventType "tourn (corr)"]
[EventRounds "4"]
[EventCountry "GER"]
[SourceTitle "Corr 2022"]
[Source "ChessBase"]
[SourceDate "2021.10.24"]
[SourceVersion "1"]
[SourceVersionDate "2021.10.24"]
[SourceQuality "1"]

1. c4 Nf6 2. d4 c5 3. d5 b5 4. e3 bxc4 5. Bxc4 d6 6. Nf3 Bg4 7. 0-0 g6 8. h3 Bxf3 9. Qxf3 Bg7 10. Nc3 0-0 11. e4 Nbd7 12. Qe2 Ne5 13. Bb3 Nfd7 14. Bd2 Nb6 15. f4 Ned7 16. Rab1 Qc7 17. Bc2 c4 18. Be3 Nc5 19. h4 e6 20. dxe6 Nxe6 21. Rbd1 a6 22. f5 Nc5 23. f6 Bh8 24. h5 Ne6 25. hxg6 fxg6 26. Qg4 Rae8 27. e5 Kf7 0-1

[Event "RF-2017-0-00378"]
[Site "LSS email"]
[Date "2017.04.20"]
[Round "?"]
[White "Laureles, Raymundo"]
[Black "Shim Ng Min, Francis"]
[Result "1-0"]
[WhiteElo "1083"]
[BlackElo "1245"]
[PlyCount "48"]
[EventDate "2017.04.02"]
[EventType "tourn (corr)"]
[EventRounds "6"]
[EventCountry "GER"]
[SourceTitle "Corr 2022"]
[Source "ChessBase"]
[SourceDate "2021.10.24"]
[SourceVersion "1"]
[SourceVersionDate "2021.10.24"]
[SourceQuality "1"]

1. e4 c5 2. Nf3 d6 3. Bd3 e5 4. c3 Nf6 5. Bc2 Be7 6. d4 cxd4 7. cxd4 exd4 8. Nxd4 0-0 9. 0-0 Nc6 10. a3 Qb6 11. Nb3 Be6 12. Be3 Qc7 13. Nc3 Rac8 14. f4 Rfd8 15. f5 Bxb3 16. Bxb3 a6 17. Na4 Qb8 18. Bb6 Re8 19. Nc3 Bd8 20. Bxd8 Rcxd8 21. Nd5 Nxe4 22. Qh5 Nd2 23. Nf6+ gxf6 24. Qxf7+ Kh8 1-0

[Event "RF-2017-0-00375"]
[Site "LSS email"]
[Date "2017.04.15"]
[Round "?"]
[White "De la Cruz, Piedro"]
[Black "Laureles, Raymundo"]
[Result "1-0"]
[WhiteElo "1324"]
[BlackElo "1100"]
[PlyCount "55"]
[EventDate "2017.03.14"]
[EventType "tourn (corr)"]
[EventRounds "6"]
[EventCountry "GER"]
[SourceTitle "Corr 2022"]
[Source "ChessBase"]
[SourceDate "2021.10.24"]
[SourceVersion "1"]
[SourceVersionDate "2021.10.24"]
[SourceQuality "1"]

1. e4 e6 2. d4 d5 3. exd5 exd5 4. Bd3 Bd6 5. Nf3 c5 6. dxc5 Bxc5 7. 0-0 Ne7 8. a3 Bf5 9. Bxf5 Nxf5 10. Qd3 Ne7 11. Qc3 Bd6 12. Qxg7 Rg8 13. Qxh7 Qd7 14. Ng5 Qf5 15. Qxf5 Nxf5 16. Nc3 d4 17. Nd5 Rh8 18. g4 Ng7 19. Re1+ Kf8 20. Bf4 Bc5 21. Nc7 Nd7 22. Nxa8 Rh4 23. h3 f6 24. Nf3 Rxh3 25. Kg2 Rh8 26. Nc7 f5 27. Ne5 Nf6 28. Ng6+ 1-0

[Event "OP-2017-0-04324"]
[Site "LSS email"]
[Date "2017.04.12"]
[Round "?"]
[White "Dlugolecki, Grzegorz"]
[Black "Laureles, Raymundo"]
[Result "1-0"]
[WhiteElo "1589"]
[BlackElo "1086"]
[PlyCount "61"]
[EventDate "2017.04.06"]
[EventType "tourn (corr)"]
[EventRounds "4"]
[EventCountry "GER"]
[SourceTitle "Corr 2022"]
[Source "ChessBase"]
[SourceDate "2021.10.24"]
[SourceVersion "1"]
[SourceVersionDate "2021.10.24"]
[SourceQuality "1"]

1. e4 e6 2. d4 d5 3. e5 c5 4. c3 Nc6 5. Nf3 Bd7 6. Be2 Qb6 7. 0-0 cxd4 8. cxd4 f6 9. Nc3 fxe5 10. dxe5 Nh6 11. Na4 Qc7 12. Bxh6 gxh6 13. Rc1 Bg7 14. Bb5 0-0 15. Nc5 Bc8 16. Re1 Qa5 17. Bxc6 bxc6 18. Nd4 Qxa2 19. Re2 Ba6 20. Rec2 Qa5 21. Ra1 Qd8 22. Rxa6 Qh4 23. g3 Qh3 24. Ncxe6 Rf7 25. Raxc6 Re8 26. Nf4 Rxf4 27. gxf4 Bxe5 28. R2c3 Qh4 29. fxe5 Rxe5 30. Rc8+ Kf7 31. Qf3+ 1-0

[Event "OP-2017-0-04324"]
[Site "LSS email"]
[Date "2017.04.12"]
[Round "?"]
[White "Firnhaber, Ingo"]
[Black "Laureles, Raymundo"]
[Result "1-0"]
[WhiteElo "2395"]
[BlackElo "1086"]
[PlyCount "55"]
[EventDate "2017.04.06"]
[EventType "tourn (corr)"]
[EventRounds "4"]
[EventCountry "GER"]
[SourceTitle "Corr 2022"]
[Source "ChessBase"]
[SourceDate "2021.10.24"]
[SourceVersion "1"]
[SourceVersionDate "2021.10.24"]
[SourceQuality "1"]

1. e4 e6 2. d4 d5 3. Nc3 Bb4 4. e5 b6 5. Qg4 Bf8 6. Bg5 Qd7 7. 0-0-0 Ba6 8. Bxa6 Nxa6 9. f4 b5 10. Nf3 b4 11. Ne2 Qa4 12. f5 exf5 13. Qxf5 Qxa2 14. b3 Qa5 15. Rhf1 Ne7 16. Qg4 h5 17. Qh3 c5 18. Nh4 cxd4 19. Kb1 Nc5 20. Nf5 Nc6 21. Qf3 Qc7 22. Nexd4 Nxd4 23. Rxd4 Ne6 24. Qxd5 Rc8 25. Rc4 Bc5 26. Nd6+ Kf8 27. Qxe6 Kg8 28. Rxf7 1-0

[Event "RF-2017-0-00375"]
[Site "LSS email"]
[Date "2017.04.12"]
[Round "?"]
[White "Laureles, Raymundo"]
[Black "Pliska, Miroslav"]
[Result "1-0"]
[WhiteElo "1100"]
[BlackElo "1126"]
[PlyCount "39"]
[EventDate "2017.03.14"]
[EventType "tourn (corr)"]
[EventRounds "6"]
[EventCountry "GER"]
[SourceTitle "Corr 2022"]
[Source "ChessBase"]
[SourceDate "2021.10.24"]
[SourceVersion "1"]
[SourceVersionDate "2021.10.24"]
[SourceQuality "1"]

1. e4 c5 2. Nf3 Nc6 3. Bd3 Qc7 4. c3 g6 5. Bc2 Bg7 6. Na3 a6 7. Nc4 b5 8. Ne3 e6 9. 0-0 Nge7 10. Re1 0-0 11. d4 cxd4 12. cxd4 Bb7 13. a4 Rac8 14. axb5 axb5 15. Bd3 Nxd4 16. Nxd4 Bxd4 17. Bxb5 Be5 18. Ng4 Bd6 19. Bxd7 Qxd7 20. Nf6+ 1-0

[Event "RF-2017-0-00377"]
[Site "LSS email"]
[Date "2017.04.12"]
[Round "?"]
[White "Malyszek, Tomasz"]
[Black "Laureles, Raymundo"]
[Result "0-1"]
[WhiteElo "1060"]
[BlackElo "1091"]
[PlyCount "80"]
[EventDate "2017.03.30"]
[EventType "tourn (corr)"]
[EventRounds "6"]
[EventCountry "GER"]
[SourceTitle "Corr 2022"]
[Source "ChessBase"]
[SourceDate "2021.10.24"]
[SourceVersion "1"]
[SourceVersionDate "2021.10.24"]
[SourceQuality "1"]

1. e4 e6 2. d4 d5 3. exd5 exd5 4. Be2 c5 5. c4 dxc4 6. dxc5 Qxd1+ 7. Bxd1 Bxc5 8. Ne2 Nf6 9. Nec3 0-0 10. 0-0 Nc6 11. Bg5 Bf5 12. Bxf6 gxf6 13. Nd2 Bd3 14. Be2 Nd4 15. Bxd3 cxd3 16. Nce4 Ne2+ 17. Kh1 Bd4 18. Rab1 Rac8 19. Nb3 Be5 20. Nec5 Rfd8 21. Rfd1 Rd5 22. Rxd3 Rcxc5 23. Nxc5 Rxc5 24. Rd2 Nc1 25. g3 Nxa2 26. Kg2 Nb4 27. f4 Bc7 28. Rd4 Rc2+ 29. Kh3 a5 30. f5 Nc6 31. Rg4+ Kh8 32. Re1 Ne5 33. Rge4 Rxb2 34. Rc1 Bb6 35. g4 Bf2 36. Rf1 b5 37. Rf4 Be3 38. Re4 Bg5 39. Kg3 Rb3+ 40. Kg2 a4 0-1

[Event "OP-2017-0-04294"]
[Site "LSS email"]
[Date "2017.04.10"]
[Round "?"]
[White "Astroukh, Vitalij"]
[Black "Laureles, Raymundo"]
[Result "1-0"]
[WhiteElo "2393"]
[BlackElo "1094"]
[PlyCount "57"]
[EventDate "2017.02.28"]
[EventType "tourn (corr)"]
[EventRounds "4"]
[EventCountry "GER"]
[SourceTitle "Corr 2022"]
[Source "ChessBase"]
[SourceDate "2021.10.24"]
[SourceVersion "1"]
[SourceVersionDate "2021.10.24"]
[SourceQuality "1"]

1. e4 e6 2. d4 d5 3. Nc3 Bb4 4. e5 c5 5. a3 Bxc3+ 6. bxc3 Ne7 7. Qg4 Qc7 8. Qxg7 Rg8 9. Qxh7 cxd4 10. Ne2 dxc3 11. f4 Nbc6 12. Qd3 d4 13. Nxd4 Nxd4 14. Qxd4 Nf5 15. Bb5+ Bd7 16. Qxd7+ Qxd7 17. Bxd7+ Kxd7 18. Kf2 Kc6 19. a4 Rad8 20. Ra3 Rd5 21. Rxc3+ Rc5 22. Rxc5+ Kxc5 23. Rd1 Nd4 24. Be3 a5 25. Rxd4 Kc6 26. Rd6+ Kc7 27. Bb6+ Kc8 28. h4 Rh8 29. h5 1-0

[Event "LSS No Engine Cup 168 Preliminary 0"]
[Site "LSS email"]
[Date "2017.04.03"]
[Round "?"]
[White "Laureles, Raymundo"]
[Black "Goti, Javier"]
[Result "1-0"]
[WhiteElo "1361"]
[BlackElo "1095"]
[PlyCount "77"]
[EventDate "2017.04.04"]
[EventType "tourn (corr)"]
[EventRounds "6"]
[EventCountry "GER"]
[SourceTitle "Corr 2022"]
[Source "ChessBase"]
[SourceDate "2021.10.24"]
[SourceVersion "1"]
[SourceVersionDate "2021.10.24"]
[SourceQuality "1"]

1. e4 c5 2. Nf3 Nc6 3. d4 cxd4 4. Nxd4 Nf6 5. Nc3 a6 6. Bg5 e6 7. Nxc6 bxc6 8. e5 h6 9. Bh4 g5 10. Bg3 Nd5 11. Nxd5 cxd5 12. Bd3 Qa5+ 13. Qd2 Qxd2+ 14. Kxd2 Bc5 15. h4 Be7 16. hxg5 Bxg5+ 17. f4 Be7 18. Bf2 Bb7 19. Rh2 d6 20. Rah1 dxe5 21. Rxh6 Rxh6 22. Rxh6 exf4 23. Rh8+ Kd7 24. Rh7 f6 25. Bh4 Rf8 26. Rg7 Bc8 27. Rg4 Bd6 28. a4 Bb7 29. c3 Ke8 30. Rg7 Be7 31. Bg6+ Kd8 32. Bh5 Bc6 33. b3 e5 34. Be2 a5 35. Bf2 f5 36. Bb6+ Kd7 37. Bc5 Re8 38. Bh5 e4 39. Bxe8+ 1-0

[Event "OP-2017-0-04294"]
[Site "LSS email"]
[Date "2017.03.07"]
[Round "?"]
[White "Laureles, Raymundo"]
[Black "Lauer, Frederic"]
[Result "1-0"]
[WhiteElo "1094"]
[BlackElo "1165"]
[PlyCount "45"]
[EventDate "2017.02.28"]
[EventType "tourn (corr)"]
[EventRounds "4"]
[EventCountry "GER"]
[SourceTitle "Corr 2022"]
[Source "ChessBase"]
[SourceDate "2021.10.24"]
[SourceVersion "1"]
[SourceVersionDate "2021.10.24"]
[SourceQuality "1"]

1. e4 c5 2. Nf3 d6 3. d4 cxd4 4. Nxd4 Nf6 5. Nc3 Nc6 6. Be3 Ng4 7. Bb5 Nxe3 8. fxe3 Bd7 9. 0-0 a6 10. Bc4 Ne5 11. Bb3 g6 12. Nf3 f6 13. Nxe5 dxe5 14. h4 Bc6 15. Qg4 Bd7 16. Qf3 b5 17. Rad1 Qc8 18. Qg3 Be6 19. Nd5 Bxd5 20. Bxd5 Rb8 21. Qxe5 Bh6 22. Rxf6 Bg7 23. Bc6+ 1-0

[Event "IECC CL0-2017.00 email"]
[Site "IECC email"]
[Date "2017.02.03"]
[Round "?"]
[White "Laureles, Raymundo"]
[Black "Lauer, Frederic"]
[Result "0-1"]
[WhiteElo "1082"]
[BlackElo "1177"]
[PlyCount "138"]
[EventDate "2017.01.05"]
[EventType "tourn (corr)"]
[EventRounds "4"]
[SourceTitle "Corr 2022"]
[Source "ChessBase"]
[SourceDate "2021.10.24"]
[SourceVersion "1"]
[SourceVersionDate "2021.10.24"]
[SourceQuality "1"]

1. e4 c5 2. Nf3 e6 3. d4 cxd4 4. Nxd4 Nf6 5. Nc3 Qb6 6. Bc4 Bc5 7. Na4 Qa5+ 8. c3 Bxd4 9. Qxd4 Qxa4 10. b3 Qc6 11. f3 0-0 12. Ba3 Re8 13. 0-0-0 d5 14. exd5 exd5 15. Bxd5 Qxd5 16. Qxd5 Nxd5 17. Rxd5 Be6 18. Re1 Nc6 19. Rc5 Bd7 20. Rd1 Rad8 21. Rcd5 Be6 22. Rb5 Rxd1+ 23. Kxd1 Rd8+ 24. Ke2 b6 25. h4 Re8 26. Kf2 Rd8 27. Ke2 Re8 28. Kf2 Rd8 29. Ke3 Rd5 30. Rxd5 Bxd5 31. c4 Be6 32. c5 bxc5 33. Bxc5 f6 34. g4 Kf7 35. g5 fxg5 36. hxg5 Kg6 37. f4 Kf5 38. Bd6 Bd5 39. Kd3 h5 40. gxh6 gxh6 41. Kc3 h5 42. a4 h4 43. Bc5 Kxf4 44. b4 Ne5 45. Kd4 Bb3 46. Bd6 Bxa4 47. Bxe5+ Kf3 48. Kc5 a6 49. Kb6 Bb5 50. Kc5 Kg2 51. Bc7 h3 52. Kd4 h2 53. Bxh2 Kxh2 54. Kc3 Kg3 55. Kb2 Kf3 56. Ka1 Ke3 57. Ka2 Kd3 58. Ka1 Kc3 59. Ka2 Kc2 60. Ka3 Kb1 61. Kb3 Ka1 62. Kc2 Ka2 63. Kc1 Bd3 64. Kd2 Bg6 65. Kc3 Ka3 66. Kc4 Kb2 67. b5 Bd3+ 68. Kxd3 axb5 69. Kd2 b4 0-1

[Event "OP-2017-0-04272"]
[Site "LSS email"]
[Date "2017.01.31"]
[Round "?"]
[White "Laureles, Raymundo"]
[Black "Strnad, Pavel"]
[Result "1-0"]
[WhiteElo "1105"]
[BlackElo "504"]
[PlyCount "27"]
[EventDate "2017.01.26"]
[EventType "tourn (corr)"]
[EventRounds "4"]
[EventCountry "GER"]
[SourceTitle "Corr 2022"]
[Source "ChessBase"]
[SourceDate "2021.10.24"]
[SourceVersion "1"]
[SourceVersionDate "2021.10.24"]
[SourceQuality "1"]

1. e4 d6 2. d4 Nf6 3. Nc3 c6 4. f4 e6 5. Nf3 Nbd7 6. Bd3 g6 7. f5 Bg7 8. 0-0 0-0 9. fxg6 fxg6 10. e5 dxe5 11. dxe5 Ng4 12. Bc4 Rf4 13. Bxf4 Qb6+ 14. Kh1 1-0